Estudio potenciométrico del humus : III. Comparación de la composición de grupos funcionales de ácidos húmicos extraídos por dos procedimientos de un suelo castaño oscuro (Petrocalcic Paleustoll) /

Guardado en:
Autor Principal: Rosell, Ramón Antonio.
Autor Corporativo: Universidad Nacional del Sur. Departamento de Ciencias Agrarias. Laboratorio de Humus y Biodinámica del Suelo.
Otros Autores: Allan, Alfredo L., Agulló, Enrique., Gelós, Berta Susana., Lazzari, María Aurora.
Formato: Artículo
Idioma:Spanish
Publicado: 1972.
Acceso en línea:Acceso a texto completo
Etiquetas: Agregar Etiqueta
Sin Etiquetas, Sea el primero en etiquetar este registro!
LEADER 01167nab a22002535a 4500
001 EEA.libagro011002
008 180704s1972####ag############0###0#spa#d
005 20211209172001.0
245 1 0 |a Estudio potenciométrico del humus :  |b III. Comparación de la composición de grupos funcionales de ácidos húmicos extraídos por dos procedimientos de un suelo castaño oscuro (Petrocalcic Paleustoll) /  |c R.A. Rosell, A.L. Allan, E. Agulló, B. Gelós, M.A. Lazzari. 
260 |c 1972. 
300 |a p. :  |b il. ;  |c 25 cm. 
500 |a Publicaciones del LAHBIS. 
530 |a Disponible también en línea. 
773 0 |7 ||as  |t Turrialba  |x 0041-4360  |g v. 22(3), pp. 333-337 
100 1 |a Rosell, Ramón Antonio. 
700 1 |a Allan, Alfredo L. 
700 1 |a Agulló, Enrique. 
700 1 |a Gelós, Berta Susana. 
700 1 |a Lazzari, María Aurora. 
710 2 |a Universidad Nacional del Sur.  |b Departamento de Ciencias Agrarias.  |b Laboratorio de Humus y Biodinámica del Suelo. 
082 0 4 |a 631.417 
082 0 4 |a 547.037046 
856 4 1 |3 Acceso a texto completo  |u http://orton.catie.ac.cr/repdoc/A0771e/A0771e03.html 
859 |a AR-BbBCA  |b BIB. AGRONOMIA  |h 631.417  |i B151 10  |p 1996/2691